Studies in education (Record no. 125976)
[ view plain ]
| 000 -LEADER | |
|---|---|
| fixed length control field | 00476nam a22001457a 4500 |
| 005 - DATE AND TIME OF LATEST TRANSACTION | |
| control field | 20170117105634.0 |
| 008 - FIXED-LENGTH DATA ELEMENTS--GENERAL INFORMATION | |
| fixed length control field | 170117b xxu||||| |||| 00| 0 eng d |
| 050 ## - LIBRARY OF CONGRESS CALL NUMBER | |
| Classification number | LA669.5L674 |
| 100 ## - MAIN ENTRY--PERSONAL NAME | |
| Personal name | Lewis, Leonard John |
| 9 (RLIN) | 25986 |
| 245 ## - TITLE STATEMENT | |
| Title | Studies in education |
| Remainder of title | Partnership in oversea education |
| Statement of responsibility, etc | by Lewis, Leonard John |
| 260 ## - PUBLICATION, DISTRIBUTION, ETC. (IMPRINT) | |
| Place of publication, distribution, etc | London |
| Name of publisher, distributor, etc | Evans Brothers |
| Date of publication, distribution, etc | 1959 |
| 300 ## - PHYSICAL DESCRIPTION | |
| Extent | 24p.; |
| Dimensions | 19cm. |
| 650 ## - SUBJECT ADDED ENTRY--TOPICAL TERM | |
| Topical term or geographic name as entry element | Education |
| Geographic subdivision | Great Britain |
| General subdivision | Colonies |
| 9 (RLIN) | 28387 |
| 942 ## - ADDED ENTRY ELEMENTS (KOHA) | |
| Source of classification or shelving scheme | Library of Congress Classification |
| Item type | Monograph ( Printed materials) |
| Withdrawn status | Lost status | Source of classification or shelving scheme | Damaged status | Not for loan | Collection code | Home library | Current library | Shelving location | Date acquired | Total Checkouts | Full call number | Barcode | Date last seen | Price effective from | Koha item type |
|---|---|---|---|---|---|---|---|---|---|---|---|---|---|---|---|
| Library of Congress Classification | Main Collection | ARRUPE LIBRARY | ARRUPE LIBRARY | Main Collection | 17/01/2017 | LA669.5L674 | 46500022566 | 28/06/2018 | 17/01/2017 | Monograph ( Printed materials) |